| 000 | 00927nam a22002537a 4500 | ||
|---|---|---|---|
| 005 | 20240530110441.0 | ||
| 008 | 150420s2007 ua b g 000 0 ara d | ||
| 017 |
_a2007/7477 _bمصر . دار الكتب المصرية |
||
| 020 | _a9772325764 | ||
| 040 | _aEG-CaGPL | ||
| 082 | 0 | 4 |
_221 _a923.9\ _bع ج |
| 100 | 0 | _aعبدالحميد صالح حمدان | |
| 245 | 1 | 0 |
_aجمال حمدان وتراثه الفكرى / _cاعداد وتقديم عبدالحميد صالح حمدان |
| 250 | _aط1 | ||
| 260 |
_aالقاهرة : _bعالم الكتب ، _c2007 . |
||
| 300 |
_a226 ص ؛ _c24 سم |
||
| 600 | 0 | 4 |
_aجمال حمدان _vتراجم |
| 650 | 0 | 4 | _aالجغرافيون |
| 650 | 0 | 4 |
_aالعالم العربى _xجغرافيا |
| 651 | 0 | 4 |
_aسوريا _xالجغرافيا الزراعية |
| 651 | 0 | 4 |
_aافريقيا _xجغرافيا |
| 942 |
_2ddc _cBK |
||
| 999 |
_c61047 _d61047 |
||